000
00328 a2200157 4500
001
48344
020
_a
9788562549496
040
_c
Anchieta - Bela Vista
100
_a
RANDO, Silvana
240
1
0
_a
Amigos
_l
por
245
1
0
_a
Amigos
300
_a
28 p.
362
0
_a
2013
650
4
_a
Literatura infanto-juvenil
942
_c
BK
999
_c
48344
_d
48344